| 000 | 00490nam a2200181 a 4500 | ||
|---|---|---|---|
| 001 | 2616 | ||
| 003 | CO-ViMGA | ||
| 008 | 141112s2004 ck r 000 u spa d | ||
| 040 |
_aCO-ViMGA _bspa _cCO-ViMGA |
||
| 082 | 0 | 4 | _aJENe |
| 100 | 1 |
_aJennings, Paul _96000 |
|
| 245 | 1 | 0 | _aEl embuste de las coles |
| 260 |
_aSantafé de Bogotá : _bFondo de Cultura Económica, _c1993 |
||
| 300 | _a42 p : il | ||
| 490 | _aA la orilla del viento | ||
| 650 | 1 | 4 |
_aCUENTOS INFANTILES _92743 |
| 942 |
_2ddc _cBK |
||
| 999 |
_c14691 _d14691 |
||